000 00325nam a2200133Ia 4500
008 150301s2015 xx 000 0 und d
082 _a615.4
_bH14P
100 _aN.S. PARMAR
245 _aHEALTH EDUCATION & COMMUNITY PHARMACY
260 _bCBS- DELHI
300 _a308
650 _aCOMMUNITY PHARMACY
942 _2ddc
_cBK
_01
999 _c7075
_d7075